Pego el grito en cualquier parte!: historia, tradición y performance de la cueca urbana en Santiago de Chile, 1990-2010
Saved in:
| Hovedforfatter: | |
|---|---|
| Format: | Bog |
| Sprog: | spansk |
| Udgivet: |
Santiago
Ediciones Biblioteca Nacional
2017
|
| Udgivelse: | 1a. ed |
| Serier: | Colección Premio Fidel Sepúlveda
|
| Fag: | |
| Tags: |
Tilføj Tag
Ingen Tags, Vær først til at tagge denne postø!
|
MARC
| LEADER | 00000cam a2200000 a 4500 | ||
|---|---|---|---|
| 001 | UCC2231 | ||
| 003 | CL-VaPUC | ||
| 008 | 180114e20170000cl |||||||||||||||||spa|d | ||
| 020 | |a 9789562443982 | ||
| 082 | 0 | 4 | |a 781.6283 |b SPE |2 21 |
| 100 | 0 | |a Spencer Espinosa, Christian |e author |9 596353 | |
| 245 | 1 | 0 | |a Pego el grito en cualquier parte!: historia, tradición y performance de la cueca urbana en Santiago de Chile, 1990-2010 |
| 250 | |a 1a. ed | ||
| 300 | |a 500 p | ||
| 942 | |c BK | ||
| 945 | |d 20180114 20:51:00 |a arojas | ||
| 260 | |a Santiago |b Ediciones Biblioteca Nacional |c 2017 | ||
| 650 | 0 | |a Música chilena |9 306643 | |
| 650 | 0 | |a Cueca urbana |9 495920 | |
| 650 | 7 | |a CULTURAS TRADICIONALES |2 CL-VaPUC |9 349888 | |
| 651 | 0 | |a Santiago |9 265444 | |
| 583 | |a last modification |c 20190412 10:11:42 |k Rodrigo Vera | ||
| 490 | 0 | |a Colección Premio Fidel Sepúlveda | |
| 999 | |c 370465 |d 370463 | ||
| 952 | |0 0 |1 0 |3 erb |4 0 |6 781_628300000000000_SPE_2017 |7 0 |8 ? |9 486967 |a BIBEDU |b BIBEDU |i 5446287 |l 2 |o 781.6283 SPE 2017 |p 5446287 |r 2023-11-28 |s 2023-11-28 |w 2019-11-24 |y BK |z Catalogado en:20180114 |k MUS | ||
| 952 | |0 0 |1 0 |3 erb |4 0 |6 781_628300000000000_SPE_2017 |7 0 |8 X |9 486968 |a FDOMLP |b FDOMLP |i 554341K |o 781.6283 SPE 2017 |p 554341K |r 2019-11-24 |w 2019-11-24 |y BK_X |z Catalogado en:20190412 |k BU2 | ||